00429 2200169 4500245004900000020001800049250001100067100001900078700001700097650001700114005001900131260004100150041001400191084001300205300003200218336000900250 aSave My Earth Volume 9cHiwatari, SakihText a979-20-1272-9 aCet. 1 aHiwatari, Saki aTita Forenti aKomik Jepang a20230531085911 aJakartabElex Media Komputindoc1990 aIndonesia a741.5592 a... jil. :bilus. ;c17 cm. atext